000 00609nam a22002057a 4500
999 _c6353
_d6353
003 AR-CdUCM
008 190315b ||||| |||| 00| 0 spa d
040 _aMUNICIPALIDAD PROVINCIAL DEL CUSCO
_cBIBLIOTECA MUNICIPAL DEL CUSCO
082 _a801.951 /
_bO74
100 _aOrtiz Salas, Diana A.
_918139
245 _aSubjetividades observables :
_bpoemas desperdigados /
260 _aCusco :
_bOrko,
_c2011.
300 _a41 páginas ;
_c20 cm.
505 _aContenido : Poesía
650 _aPoesía
_9444
650 _aLiteratura
_9416
650 _aCusco
_9772
942 _2ddc
_cLIBROS
945 _admma